000 00632nam a22002055i 4500
001 68531
003 ES-MaACL
005 20250822063129.0
007 t|
008 960808s1863 fr ||||1| fre d
040 _aCAM
_bspa
_cCAM
100 1 _aGarnier, Joseph,
_d1813-1881
_9154520
245 1 0 _aTraité d'economie politique ... /
_cpar Joseph Garnier.
250 _a5ª éd. considérablement augmentée.
260 _aParis :
_bGuillaumin et Cie.,
_c1863 (
_eCorbeil :
_fCrété)
300 _aXII, 748 p. ;
_c19 cm.
650 0 7 _aEconomía
_2embne
_912006
852 _aES-MaACL
_jD-3210
999 _c68531
_d68531